000 00493nam a2200205Ia 4500
999 _c2874
_d2874
003 0100
008 130227s9999 xx 000 0 und d
040 _cARRUPELIB
050 _aDT 764.B2S59
245 4 _aThe Bantui-speaking tribes of South Africa
260 _bMaskew Miller
_aCape Town
_cBantu languages
300 _axv
300 _b 449p 23cm
650 _aBantus
_925845
650 _aEthnology
_zAfrica, South
_925862
650 _aAfrica, South
_xNative race
_929925
650 _aBantu languages
_930390
700 _aSchapera, Isaac (ed)
_929926
942 _2lcc
_cMONOGRAPH